<?xml version="1.0" encoding="UTF-8"?>
<record
    xmlns:xsi="http://www.w3.org/2001/XMLSchema-instance"
    xsi:schemaLocation="http://www.loc.gov/MARC21/slim http://www.loc.gov/standards/marcxml/schema/MARC21slim.xsd"
    xmlns="http://www.loc.gov/MARC21/slim">

  <leader>00680nam a22001937a 4500</leader>
  <datafield tag="999" ind1=" " ind2=" ">
    <subfield code="c">170091</subfield>
    <subfield code="d">170091</subfield>
  </datafield>
  <controlfield tag="005">20191210170724.0</controlfield>
  <datafield tag="010" ind1=" " ind2=" ">
    <subfield code="a">A-835197</subfield>
  </datafield>
  <datafield tag="020" ind1=" " ind2=" ">
    <subfield code="c">60.00</subfield>
    <subfield code="a">-</subfield>
  </datafield>
  <datafield tag="035" ind1=" " ind2=" ">
    <subfield code="a">A-835197</subfield>
  </datafield>
  <datafield tag="037" ind1=" " ind2=" ">
    <subfield code="b">BPPD</subfield>
  </datafield>
  <datafield tag="082" ind1=" " ind2=" ">
    <subfield code="a">270</subfield>
  </datafield>
  <datafield tag="100" ind1=" " ind2=" ">
    <subfield code="a">&#x645;&#x631; &#x62A;&#x628;&#x6C1; :&#x634;&#x627; &#x6C1; &#x62E;&#x644;&#x64A;&#x644; &#x627;&#x62D;&#x645;&#x62F; &#x641;&#x627; &#x631; &#x648; &#x642;&#x6CC; </subfield>
  </datafield>
  <datafield tag="245" ind1=" " ind2=" ">
    <subfield code="a">&#x630; &#x6A9;&#x631; &#x62D;&#x642; </subfield>
    <subfield code="c">&#x645;&#x631; &#x62A;&#x628;&#x6C1; :&#x634;&#x627; &#x6C1; &#x62E;&#x644;&#x64A;&#x644; &#x627;&#x62D;&#x645;&#x62F; &#x641;&#x627; &#x631; &#x648; &#x642;&#x6CC; </subfield>
  </datafield>
  <datafield tag="246" ind1=" " ind2=" ">
    <subfield code="a">Zikr-e-Haqu(Urdu)</subfield>
    <subfield code="b">by Shah KhalilAhmed Farooqui</subfield>
  </datafield>
  <datafield tag="260" ind1=" " ind2=" ">
    <subfield code="a">Lucknow</subfield>
    <subfield code="c">1992 &#x621; </subfield>
    <subfield code="b">Shah KhalilAhmed Farooqui</subfield>
  </datafield>
  <datafield tag="270" ind1=" " ind2=" ">
    <subfield code="a">Radoli Zila Barabanki,Maktaba Deen-e-Adab,Aminudola Park,Ameen Abad</subfield>
    <subfield code="b">Lucknow</subfield>
    <subfield code="k">-</subfield>
    <subfield code="e">-</subfield>
  </datafield>
  <datafield tag="300" ind1=" " ind2=" ">
    <subfield code="a">216 &#x635;</subfield>
    <subfield code="c">22 cm(hb)</subfield>
  </datafield>
  <datafield tag="942" ind1=" " ind2=" ">
    <subfield code="2">ddc</subfield>
    <subfield code="c">UR</subfield>
    <subfield code="h">270</subfield>
    <subfield code="m">&#x641; &#x627; &#x631; </subfield>
  </datafield>
  <datafield tag="952" ind1=" " ind2=" ">
    <subfield code="0">0</subfield>
    <subfield code="1">0</subfield>
    <subfield code="4">0</subfield>
    <subfield code="7">0</subfield>
    <subfield code="8">NFIC</subfield>
    <subfield code="a">L</subfield>
    <subfield code="b">L</subfield>
    <subfield code="d">2019-12-10</subfield>
    <subfield code="e">BPPD/Ven.</subfield>
    <subfield code="g">60.00</subfield>
    <subfield code="l">0</subfield>
    <subfield code="o">270 &#x641; &#x627; &#x631;</subfield>
    <subfield code="p">A-835197</subfield>
    <subfield code="r">2019-12-10 00:00:00</subfield>
    <subfield code="t">1</subfield>
    <subfield code="v">60.00</subfield>
    <subfield code="w">2019-12-10</subfield>
    <subfield code="y">UR</subfield>
  </datafield>
</record>
